Charles Dickens : (Record no. 1007)
[ view plain ]
| 000 -CABECERA | |
|---|---|
| campo de control de longitud fija | 00654cam a2200193 a 4500 |
| 001 - NÚMERO DE CONTROL | |
| campo de control | 000001031 |
| 005 - FECHA Y HORA DE LA ÚLTIMA TRANSACCIÓN | |
| campo de control | 20200929145453.0 |
| 008 - DATOS DE LONGITUD FIJA--INFORMACIÓN GENERAL | |
| campo de control de longitud fija | 730102s1952 nyuacj b 000 0beng |
| 040 ## - FUENTE DE LA CATALOGACIÓN | |
| Centro catalogador/agencia de origen | DO-SdBNP |
| Lengua de catalogación | spa |
| Centro/agencia transcriptor | BNPHU |
| 082 ## - NÚMERO DE LA CLASIFICACIÓN DECIMAL DEWEY | |
| Número de clasificación | 823.8 |
| Número de documento/Ítem | D548J |
| 100 1# - ENTRADA PRINCIPAL--NOMBRE DE PERSONA | |
| Nombre de persona | Johnson, Edgar |
| 9 (RLIN) | 3563 |
| 245 10 - MENCIÓN DE TÍTULO | |
| Título | Charles Dickens : |
| Resto del título | his tragedy and triumph / |
| Mención de responsabilidad, etc. | Edgar Johnson. |
| 260 ## - PUBLICACIÓN, DISTRIBUCIÓN, ETC. | |
| Lugar de publicación, distribución, etc. | New York : |
| Nombre del editor, distribuidor, etc. | Simon and Schuster, |
| Fecha de publicación, distribución, etc. | 1952. |
| 300 ## - DESCRIPCIÓN FÍSICA | |
| Extensión | v. : |
| Otras características físicas | il. , retrs. ; |
| Dimensiones | 22 cm. |
| 505 2# - NOTA DE CONTENIDO CON FORMATO | |
| Nota de contenido con formato | v.1. [1812-1846] |
| 600 10 - PUNTO DE ACCESO ADICIONAL DE MATERIA--NOMBRE DE PERSONA | |
| Nombre de persona | DICKENS, CHARLES, |
| Fechas asociadas al nombre | 1812-1870 |
| Subdivisión general | BIOGRAFÍA |
| 9 (RLIN) | 3564 |
| 650 #4 - PUNTO DE ACCESO ADICIONAL DE MATERIA--TÉRMINO DE MATERIA | |
| Término de materia o nombre geográfico como elemento de entrada | Novela inglesa |
| Subdivisión general | Historia y crítica |
| Subdivisión cronológica | SIGLO XIX |
| 9 (RLIN) | 3565 |
| 650 #4 - PUNTO DE ACCESO ADICIONAL DE MATERIA--TÉRMINO DE MATERIA | |
| Término de materia o nombre geográfico como elemento de entrada | Literatura inglesa |
| Subdivisión cronológica | SIGLO XIX |
| 9 (RLIN) | 3566 |
| Estado de retiro | Estado de pérdida | Restricciones de uso | No para préstamo | Localización permanente | Ubicación/localización actual | Ubicación en estantería | Fecha de adquisición | Fuente de adquisición | Número de inventario | Total de préstamos | Signatura topográfica completa | Código de barras | Fecha visto por última vez | Precio válido a partir de | Tipo de ítem Koha |
|---|---|---|---|---|---|---|---|---|---|---|---|---|---|---|---|
| General | General | Depósito | 23.07.2009 | 002344 | LF1 | 823.8 D548J | v. 1 | 1031-10 | 25.06.2020 | 25.06.2020 | Préstamo en sala |
